000 00658nam a2200289Ia 4500
005 20260324133625.0
008 008 260324s9999 xx 000 0 eng d
020 _a9780203380642
037 _aEBOOK
040 _aCRL
040 _beng
040 _cCRL
041 _2eng
041 _aeng
084 _qCRL
100 _aKarim H. Karim
_91193775
245 4 _aThe Media of Diaspora
245 0 _bMapping the Globe
260 _bTaylor and Francis
260 _c2003
365 _a
365 _b205
856 _uhttp://www.taylorfrancis.com/books/9780203380642
942 _cEBOOK
999 _c1793025
_d1793025